| Поле | Название | Значение |
| |
Тип записи |
a |
| |
Библиографический уровень |
m |
| 001 |
Контрольный номер |
RU/SLIB/B/208758721 |
| 005 |
Дата корректировки |
20201206204205.2 |
| 010 |
Индекс ISBN |
__ |
| a |
ISBN |
5-8183-0377-2 |
| d |
Цена |
90-00 |
| 100 |
Данные общей обработки |
__ |
| a |
Данные общей обработки |
19020613d2002 |||y0rusy0189 ca |
| 101 |
Язык документа |
0_ |
| a |
Язык текста |
rus |
| 102 |
Страна публикации |
__ |
| a |
Страна публикации |
RU |
| 105 |
Кодированные данные (монография) |
__ |
| a |
Кодированные данные (монография) |
y |||||||zy |
| 200 |
Заглавие и сведения об ответственности |
1_ |
| a |
Заглавие |
Мертвое море - доступный дар исцеления |
| e |
Сведения, относящиеся к заглавию |
рек. по применению препаратов фирмы "Д-р Нонна" : практ. справ. |
| b |
Общее обозначение материала |
Текст |
| 210 |
Выходные данные |
__ |
| a |
Место издания |
М. |
| c |
Издательство |
Гранд |
| c |
Издательство |
ФАИР-ПРЕСС |
| d |
Дата издания |
2002 |
| 215 |
Физическое описание |
__ |
| a |
Объем |
408 с. |
| 330 |
Аннотация |
__ |
| a |
Аннотация |
Книга рассказывает о препаратах фирмы "Д-р Нонна", базирующихся на применении солей морской воды, эфирных масел, фитопродуктов, минералов Мертвого моря. Приведены советы по применению лечебных препаратов при различных патологических состояниях. Описаны способы использования косметики и пищевых добавок, выпускаемых фирмой. Для широкого круга. |
| 601 |
Наименование организации как предмет |
__ |
| a |
Наименование организации как предмет |
Доктор Нонна, фирма |
| 606 |
Тематические рубрики |
__ |
| a |
Основная рубрика |
Здравоохранение. Медицинские науки |
| y |
Географическая подрубрика |
Мертвое море |
| 606 |
Тематические рубрики |
__ |
| a |
Основная рубрика |
Фармакология |
| 610 |
Ключевые слова |
__ |
| a |
Ключевые слова |
парфюмерно-косметические изделия; пищевые добавки; косметические средства; лечебные препараты; лечебные грязи; БАДы; биологически активные добавки; лекарственные препараты |
| 686 |
Индексы других классификаций |
__ |
| a |
Классификационный индекс |
52.817я22 |
| 801 |
Источник записи |
_0 |
| a |
Страна |
RU |
| b |
Организация |
Муниципальное бюджетное учреждение культуры "Централизованная библиотечная система" г. Сургут (Центральная городская библиотека им. А. С. Пушкина) |
| c |
Дата составления |
20020613 |
| g |
Правила каталогизации |
КиК/Котельникова |
| 801 |
Источник записи |
_1 |
| a |
Страна |
RU |
| b |
Организация |
Муниципальное бюджетное учреждение культуры "Централизованная библиотечная система" г. Сургут (Центральная городская библиотека им. А. С. Пушкина) |
| c |
Дата составления |
20020613 |
| g |
Правила каталогизации |
КиК/Котельникова |
| 852 |
Данные о местонахождении |
__ |
| j |
Шифр хранения |
52.817я22 |
| c |
Каталожный индекс |
52.81я2 |
| i |
Авторский знак |
М 52 |
| 901 |
Тип документа |
__ |
| t |
Тип документа |
m |
| 903 |
Характеристики (МАРС) |
__ |
| a |
Дата передачи |
20041013 |
| 969 |
Тип издания |
__ |
| a |
Тип издания |
справочник |
| 990 |
Данные о заказе (DOS) |
__ |
| t |
N записи в КСУ для И/У (DOS) |
200410 |
| j |
Количество экземпляров (DOS) |
1 |